GETS Theological Seminary Library

The letters to Timothy and Titus (Record no. 385)

MARC details
000 -LEADER
fixed length control field 00685nam a2200205Ia 4500
008 - FIXED-LENGTH DATA ELEMENTS--GENERAL INFORMATION
fixed length control field 200731s9999 xx 000 0 und d
020 ## - INTERNATIONAL STANDARD BOOK NUMBER
International Standard Book Number 0802825133
020 ## - INTERNATIONAL STANDARD BOOK NUMBER
International Standard Book Number 9780802825131
041 ## - LANGUAGE CODE
Language code of text/sound track or separate title eng
050 ## - LIBRARY OF CONGRESS CALL NUMBER
Classification number BS2735.53
Item number .T69 2006
100 ## - MAIN ENTRY--PERSONAL NAME
Personal name Towner, Philip H.
245 ## - TITLE STATEMENT
Title The letters to Timothy and Titus
Remainder of title /
Statement of responsibility, etc. Philip H. Towner
260 ## - PUBLICATION, DISTRIBUTION, ETC.
Place of publication, distribution, etc. Grand Rapids, Mich. :
Name of publisher, distributor, etc. William B. Eerdmans Pub.
Date of publication, distribution, etc. 2006
300 ## - PHYSICAL DESCRIPTION
Extent xlviii, 886 p.
Other physical details ;
Dimensions 25 cm.
490 ## - SERIES STATEMENT
Series statement The new international commentary on the New Testament
Volume/sequential designation v.54-56
650 ## - SUBJECT ADDED ENTRY--TOPICAL TERM
Topical term or geographic name entry element Bible N.T. Pastoral Epistles Commentaries.
650 ## - SUBJECT ADDED ENTRY--TOPICAL TERM
Topical term or geographic name entry element Bible. Pastoral Epistles Commentaries.
650 ## - SUBJECT ADDED ENTRY--TOPICAL TERM
Topical term or geographic name entry element Paulus (Apostel).
Holdings
Withdrawn status Lost status Damaged status Not for loan Home library Current library Shelving location Date acquired Total Checkouts Full call number Barcode Date last seen Price effective from Koha item type
        GETS Theological Seminary Library GETS Theological Seminary Library General Stacks 07/12/2020   BS2735.53 .T69 2006 00000369 07/12/2020 07/12/2020 English Books
OpacCredits

Contact the Librarian, GETS Library
Email: library@mygets.org









Implemented by GETS Library
(Powered by ETCA Professional Group)
GETS Theological Seminary
412 E. Rowland Street, CA 91723